Nástroje rozhodovania pri návrhu strojových zostáv pre betónovanie : Habilitačná práca
Uložené v:
| Hlavný autor: | |
|---|---|
| Médium: | Rukopis Kniha |
| Jazyk: | Slovak |
| Vydavateľské údaje: |
Košice :
Technická univerzita v Košiciach,
2010
|
| Tagy: |
Žiadne tagy, Buďte prvý, kto otaguje tento záznam!
|
MARC
| LEADER | 00000ntm a22000003a 4500 | ||
|---|---|---|---|
| 001 | stu219661 | ||
| 005 | 20150617230059.7 | ||
| 008 | 101221s2010----xo------------------slo-d | ||
| 040 | |a STU |b slo | ||
| 041 | 0 | |a slo | |
| 044 | |a xo | ||
| 100 | 1 | |a Bašková, Renáta |4 aut | |
| 242 | 0 | 0 | |a Decision making tools at machine assemblies draft for concreting |y eng |
| 245 | 1 | |a Nástroje rozhodovania pri návrhu strojových zostáv pre betónovanie : |b Habilitačná práca | |
| 260 | |a Košice : |b Technická univerzita v Košiciach, |c 2010 | ||
| 300 | |a 100 s | ||
| 996 | |b 284V033978 |c V*2761/HP-164 |l VVS |s A |a 24 |w stu219661_0001 | ||